[Event "Zhukovsky op"]
[Site "Zhukovsky"]
[Date "2011.02.23"]
[Round "7"]
[White "Lunin, Mikhail"]
[Black "Ershov, Aleksey"]
[Result "1/2-1/2"]
[WhiteElo "2077"]
[BlackElo "1779"]
[PlyCount "42"]
[EventDate "2011.02.17"]
[EventType "swiss"]
[EventRounds "9"]
[EventCountry "RUS"]
[SourceTitle "CBM 141 Extra"]
[Source "ChessBase"]
[SourceDate "2011.05.03"]
[SourceVersion "1"]
[SourceVersionDate "2011.05.03"]
[SourceQuality "1"]

1. b4 Nf6 2. Bb2 e6 3. b5 d5 4. e3 c5 5. Nf3 Nbd7 6. d4 cxd4 7. exd4 Bb4+ 8. Nbd2 Ne4 9. Bd3 Nxd2 10. Nxd2 Bxd2+ 11. Qxd2 b6 12. c4 dxc4 13. Bxc4 0-0 14. 0-0 Bb7 15. Rac1 Nf6 16. Rfd1 Bd5 17. Qb4 Rc8 18. f3 Bxc4 19. Rxc4 Rxc4 20. Qxc4 Nd5 21. Rc1 h6 1/2-1/2

[Event "Zhukovsky op"]
[Site "Zhukovsky"]
[Date "2011.02.18"]
[Round "2"]
[White "Lunin, Mikhail"]
[Black "Kuznetsov, Yuri"]
[Result "0-1"]
[WhiteElo "2077"]
[BlackElo "2022"]
[PlyCount "126"]
[EventDate "2011.02.17"]
[EventType "swiss"]
[EventRounds "9"]
[EventCountry "RUS"]
[SourceTitle "CBM 141 Extra"]
[Source "ChessBase"]
[SourceDate "2011.05.03"]
[SourceVersion "1"]
[SourceVersionDate "2011.05.03"]
[SourceQuality "1"]

1. b4 e6 2. Bb2 Nf6 3. b5 Be7 4. e3 b6 5. Nf3 Bb7 6. c4 d5 7. d4 dxc4 8. Bxc4 Nbd7 9. Nbd2 0-0 10. Qb3 a5 11. a3 Rc8 12. Rc1 Ne4 13. 0-0 Ndf6 14. Rfd1 Bd6 15. Nf1 Qe7 16. Ne5 Nd5 17. f3 Nef6 18. g3 Qe8 19. e4 Ne7 20. Ne3 Bxe5 21. dxe5 Nd7 22. Bxe6 Nc5 23. Rxc5 fxe6 24. Qxe6+ Qf7 25. Qxf7+ Rxf7 26. Rc2 Rxf3 27. Nd5 Ng6 28. Rf1 Rxf1+ 29. Kxf1 Kf7 30. Rc6 Bxc6 31. bxc6 Nf8 32. Ke2 Ne6 33. Nf4 b5 34. Bc3 Ra8 35. Nd5 Ra6 36. Ke3 Rxc6 37. Bxa5 Rc1 38. h3 Ra1 39. Bxc7 Rxa3+ 40. Kf2 Nxc7 41. Nxc7 Rb3 42. Kg2 b4 43. h4 Rb1 44. Nb5 Ke6 45. Kf3 Kxe5 46. h5 Rc1 47. Ke3 b3 48. Kd2 b2 49. Na3 b1Q 50. Nxb1 Rxb1 51. Kd3 Rb3+ 52. Kc4 Rxg3 53. Kc5 Kxe4 54. Kd6 Rg5 55. h6 gxh6 56. Ke6 Rg6+ 57. Kf7 Ke5 58. Ke7 Rg7+ 59. Kf8 Kf6 60. Ke8 Ra7 61. Kd8 Ke6 62. Kc8 Kd6 63. Kb8 Rg7 0-1

[Event "Zhukovsky op"]
[Site "Zhukovsky"]
[Date "2011.02.17"]
[Round "1"]
[White "Beliy, Gennady"]
[Black "Lunin, Mikhail"]
[Result "1/2-1/2"]
[WhiteElo "1904"]
[BlackElo "2077"]
[PlyCount "41"]
[EventDate "2011.02.17"]
[EventType "swiss"]
[EventRounds "9"]
[EventCountry "RUS"]
[SourceTitle "CBM 141 Extra"]
[Source "ChessBase"]
[SourceDate "2011.05.03"]
[SourceVersion "1"]
[SourceVersionDate "2011.05.03"]
[SourceQuality "1"]

1. d4 d5 2. Nc3 Nf6 3. Bg5 e6 4. e3 Be7 5. Bd3 0-0 6. Nf3 h6 7. Bf4 c5 8. dxc5 Bxc5 9. 0-0 Nc6 10. Ne5 Nxe5 11. Bxe5 b6 12. Qe2 Bb7 13. Rad1 Bd6 14. Bxd6 Qxd6 15. Nb5 Qd7 16. e4 a6 17. Nc3 Qe7 18. exd5 Nxd5 19. Nxd5 Bxd5 20. Be4 Bxe4 21. Qxe4 1/2-1/2

[Event "Zhukovsky-chA"]
[Site "Zhukovsky"]
[Date "2010.04.01"]
[Round "7"]
[White "Dolgova, Tamara"]
[Black "Lunin, Mikhail"]
[Result "1-0"]
[WhiteElo "1951"]
[BlackElo "2132"]
[PlyCount "117"]
[EventDate "2010.04.01"]
[EventType "swiss"]
[EventRounds "9"]
[EventCountry "RUS"]
[SourceTitle "EXT 2022"]
[Source "ChessBase"]
[SourceDate "2021.10.06"]
[SourceVersion "1"]
[SourceVersionDate "2021.10.06"]
[SourceQuality "1"]

1. e4 Nf6 2. Nc3 d5 3. exd5 Nxd5 4. d4 g6 5. Nf3 Bg7 6. Bb5+ c6 7. Be2 0-0 8. 0-0 Nc7 9. Be3 Nd7 10. Qd2 Re8 11. Bh6 Bh8 12. h4 Nf6 13. Ne5 Ne6 14. Be3 c5 15. dxc5 Qxd2 16. Bxd2 Nxc5 17. Be3 Nfe4 18. Nxe4 Nxe4 19. Nd3 b6 20. h5 Bb7 21. c3 Nd6 22. Rad1 Nf5 23. Nf4 e6 24. hxg6 hxg6 25. Rd2 Bf6 26. Bg4 Ne7 27. Rfd1 Bg7 28. Rd7 Bc6 29. R7d2 e5 30. Nh3 f5 31. Be2 f4 32. Bc4+ Kh8 33. Ng5 fxe3 34. Nf7+ Kh7 35. Ng5+ Kh8 36. Nf7+ Kg8 37. Ng5+ Nd5 38. Bxd5+ Bxd5 39. Rxd5 Bh6 40. Ne4 exf2+ 41. Kxf2 Rf8+ 42. Ke2 Rae8 43. Rd6 Kg7 44. Rd7+ Rf7 45. Rxf7+ Kxf7 46. Nd6+ Ke7 47. Nxe8 Kxe8 48. Rd6 Bc1 49. Rxg6 Kf7 50. Rc6 Bxb2 51. c4 Ke8 52. g4 Kd7 53. Rh6 Ba3 54. Kd3 Bc5 55. Ke4 a6 56. Kxe5 Ke7 57. Rh7+ Kf8 58. Rb7 Be3 59. Kf5 1-0

[Event "Zhukovsky-chA"]
[Site "Zhukovsky"]
[Date "2010.04.01"]
[Round "4"]
[White "Lunin, Mikhail"]
[Black "Ibragimov, Ali"]
[Result "0-1"]
[WhiteElo "2132"]
[BlackElo "2082"]
[PlyCount "86"]
[EventDate "2010.04.01"]
[EventType "swiss"]
[EventRounds "9"]
[EventCountry "RUS"]
[SourceTitle "EXT 2022"]
[Source "ChessBase"]
[SourceDate "2021.10.06"]
[SourceVersion "1"]
[SourceVersionDate "2021.10.06"]
[SourceQuality "1"]

1. b4 c6 2. e3 Nf6 3. c4 d5 4. Bb2 Bf5 5. Nf3 e6 6. Qb3 Be7 7. d4 0-0 8. Nbd2 Ne4 9. Be2 Nd7 10. 0-0 Ndf6 11. h3 g5 12. g4 Bg6 13. Rad1 Bd6 14. Ne5 Nxd2 15. Rxd2 Ne4 16. Rdd1 f6 17. Nxg6 hxg6 18. Bd3 f5 19. f3 Ng3 20. Rf2 Qe7 21. Kg2 Rad8 22. b5 Qh7 23. Ba3 Qh4 24. Bxd6 Rxd6 25. gxf5 gxf5 26. Kg1 Rd7 27. Rh2 Rh7 28. Rdd2 Rhf7 29. bxc6 bxc6 30. cxd5 cxd5 31. Rdg2 Ne4 32. Qb1 Nf6 33. Kh1 Kh8 34. Rg4 Qh5 35. h4 Rh7 36. Bxf5 exf5 37. Qxf5 gxh4 38. Rg5 Qe8 39. Qf4 h3 40. Rf5 Qb5 41. Rg5 Nd7 42. Qxf8+ Nxf8 43. e4 Qf1+ 0-1

[Event "Zhukovsky-chA"]
[Site "Zhukovsky"]
[Date "2010.04.01"]
[Round "2"]
[White "Lunin, Mikhail"]
[Black "Listratov, Artem"]
[Result "1-0"]
[WhiteElo "2132"]
[BlackElo "2073"]
[PlyCount "117"]
[EventDate "2010.04.01"]
[EventType "swiss"]
[EventRounds "9"]
[EventCountry "RUS"]
[SourceTitle "EXT 2022"]
[Source "ChessBase"]
[SourceDate "2021.10.06"]
[SourceVersion "1"]
[SourceVersionDate "2021.10.06"]
[SourceQuality "1"]

1. b4 e5 2. Bb2 Bxb4 3. f4 exf4 4. Bxg7 Qh4+ 5. g3 fxg3 6. Bg2 gxh2+ 7. Kf1 hxg1Q+ 8. Kxg1 Qg5 9. Bxh8 b6 10. Rxh7 Bf8 11. Nc3 Bb7 12. Qf1 Nh6 13. Bf6 Qg6 14. Rh8 Na6 15. Kh1 Qh5+ 16. Kg1 Qg6 17. Qf2 Ng4 18. Qg3 Bxg2 19. Qxg2 Nxf6 20. Rf1 Qxg2+ 21. Kxg2 Ke7 22. e4 d6 23. d4 c6 24. Kg3 Rb8 25. Kf4 Bg7 26. Rxb8 Nxb8 27. Kf5 Ne8 28. Ne2 c5 29. c3 Nc6 30. Rd1 Nc7 31. a4 Na5 32. Rg1 Ne8 33. Rd1 Bh6 34. Nf4 Bxf4 35. Kxf4 Nc7 36. Rb1 Ne6+ 37. Ke3 Nc4+ 38. Kd3 Na5 39. Rf1 c4+ 40. Ke3 Nb3 41. Rh1 a6 42. Rh8 Nd8 43. Rh6 Na5 44. e5 Ndb7 45. Ke4 b5 46. axb5 axb5 47. Kd5 Kd7 48. exd6 Nb3 49. Rf6 Nd8 50. Rf2 Kc8 51. Ra2 Kb7 52. Rh2 Na5 53. Rh8 Nac6 54. Kc5 b4 55. d5 bxc3 56. dxc6+ Nxc6 57. Rh2 Ne5 58. Rc2 Nd7+ 59. Kd5 1-0

[Event "Zhukovsky-chA"]
[Site "Zhukovsky"]
[Date "2010.04.01"]
[Round "8"]
[White "Onishchenko, Mikhail"]
[Black "Lunin, Mikhail"]
[Result "0-1"]
[WhiteElo "1945"]
[BlackElo "2132"]
[PlyCount "62"]
[EventDate "2010.04.01"]
[EventType "swiss"]
[EventRounds "9"]
[EventCountry "RUS"]
[SourceTitle "EXT 2022"]
[Source "ChessBase"]
[SourceDate "2021.10.06"]
[SourceVersion "1"]
[SourceVersionDate "2021.10.06"]
[SourceQuality "1"]

1. Nf3 Nf6 2. d4 b5 3. a4 b4 4. c3 a5 5. Bd2 e6 6. Qc2 Bb7 7. e3 Be4 8. Qb3 Na6 9. Be2 c5 10. 0-0 Qb6 11. Ne1 Rc8 12. f3 Bb7 13. Na3 d5 14. Bb5+ Kd8 15. cxb4 axb4 16. Bxa6 Bxa6 17. dxc5 Bxc5 18. Nb5 Kd7 19. Nc2 Bxb5 20. axb5 Qxb5 21. Bxb4 Bb6 22. Rfc1 Rc4 23. Ra3 d4 24. Qd3 Rhc8 25. Rb3 Nd5 26. Bd2 Qc6 27. e4 Ne7 28. Bc3 Ke8 29. Na3 dxc3+ 30. Kh1 Rd4 31. Qxc3 Qd7 0-1

[Event "Zhukovsky op-A"]
[Site "Zhukovsky"]
[Date "2010.01.??"]
[Round "6"]
[White "Onishchenko, Mikhail"]
[Black "Lunin, Mikhail"]
[Result "0-1"]
[WhiteElo "1945"]
[BlackElo "2132"]
[PlyCount "88"]
[EventDate "2010.01.??"]
[EventType "swiss"]
[EventRounds "7"]
[EventCountry "RUS"]
[SourceTitle "EXT 2012"]
[Source "ChessBase"]
[SourceDate "2011.11.24"]
[SourceVersion "1"]
[SourceVersionDate "2011.11.24"]
[SourceQuality "1"]

1. d4 d5 2. Nf3 Nc6 3. c3 Bg4 4. Nbd2 Nf6 5. Qc2 Qd6 6. g3 e5 7. e3 0-0-0 8. Bb5 exd4 9. cxd4 Nb4 10. Qb1 Ne4 11. Ne5 Bf5 12. g4 Ng3 13. gxf5 Nxh1 14. a3 f6 15. Nef3 Nc6 16. Bxc6 Qxc6 17. Qd3 Qd7 18. Qf1 Nxf2 19. Qxf2 Qxf5 20. Nf1 Bd6 21. Bd2 h5 22. 0-0-0 h4 23. Qe2 g5 24. Be1 Rhe8 25. Rd3 Qe6 26. Rb3 c6 27. Rc3 Kb8 28. b4 a6 29. N1d2 Ka7 30. Nb3 Qc8 31. Nc5 b6 32. Nd3 Qd7 33. a4 Rc8 34. Kb2 Qe7 35. Bd2 Bxb4 36. Nxb4 Qxb4+ 37. Rb3 Qxa4 38. Rb4 Qa5 39. Ne1 c5 40. Rb3 Qa4 41. dxc5 bxc5 42. Qd3 Rb8 43. Qxd5 Rxb3+ 44. Qxb3 Rb8 0-1

[Event "Zhukovsky op"]
[Site "Zhukovsky"]
[Date "2010.??.??"]
[Round "6"]
[White "Kopylov, Ivan"]
[Black "Lunin, Mikhail"]
[Result "1/2-1/2"]
[WhiteElo "1756"]
[BlackElo "2158"]
[PlyCount "54"]
[EventDate "2010.05.14"]
[EventType "swiss"]
[EventRounds "9"]
[EventCountry "RUS"]
[SourceTitle "EXT 2011"]
[Source "ChessBase"]
[SourceDate "2010.11.26"]
[SourceVersion "1"]
[SourceVersionDate "2010.11.26"]
[SourceQuality "1"]

1. d4 d5 2. c4 Nc6 3. Nf3 Bg4 4. e3 e5 5. dxe5 d4 6. Be2 Bb4+ 7. Bd2 dxe3 8. Bxb4 exf2+ 9. Kxf2 Nxb4 10. Qa4+ Nc6 11. Rd1 Qe7 12. Nc3 Nh6 13. h3 Bd7 14. Nd5 Qc5+ 15. Kf1 0-0-0 16. b4 Qf8 17. b5 Nb8 18. Qxa7 Nf5 19. a4 Ng3+ 20. Kf2 Nxe2 21. a5 Be6 22. Kxe2 Bxd5 23. cxd5 Qb4 24. Qd4 Qxb5+ 25. Kf2 Nc6 26. Qg4+ Kb8 27. dxc6 Qxc6 1/2-1/2

[Event "Zhukovsky op"]
[Site "Zhukovsky"]
[Date "2010.??.??"]
[Round "3"]
[White "Lunin, Mikhail"]
[Black "Andreev, Gennadiy"]
[Result "0-1"]
[WhiteElo "2158"]
[BlackElo "2077"]
[PlyCount "54"]
[EventDate "2010.05.14"]
[EventType "swiss"]
[EventRounds "9"]
[EventCountry "RUS"]
[SourceTitle "EXT 2011"]
[Source "ChessBase"]
[SourceDate "2010.11.26"]
[SourceVersion "1"]
[SourceVersionDate "2010.11.26"]
[SourceQuality "1"]

1. b4 Nf6 2. Bb2 e6 3. b5 d5 4. e3 a6 5. a4 c6 6. c4 Nbd7 7. Nc3 dxc4 8. Bxc4 axb5 9. axb5 Rxa1 10. Qxa1 Ne5 11. Qa4 Nfd7 12. Qa2 Nxc4 13. Qxc4 Ne5 14. Qb3 Nd3+ 15. Ke2 e5 16. Nf3 Be6 17. Qc2 Bc4 18. Kd1 Nxf2+ 19. Kc1 Nd3+ 20. Kb1 cxb5 21. Ba1 Nb4 22. Qb2 Bd3+ 23. Kc1 Nc2 24. Nxb5 f6 25. Nxe5 Nxa1 26. Nxd3 Qxd3 27. Nc3 Ba3 0-1

[Event "Kolomna"]
[Site "Kolomna"]
[Date "2009.10.04"]
[Round "6"]
[White "Fedorov, Aleksander"]
[Black "Lunin, Mikhail"]
[Result "1-0"]
[WhiteElo "2167"]
[BlackElo "2231"]
[PlyCount "115"]
[EventDate "2009.09.27"]
[EventType "tourn"]
[EventRounds "11"]
[EventCountry "RUS"]
[SourceTitle "EXT 2010"]
[Source "ChessBase"]
[SourceDate "2010.11.25"]
[SourceVersion "1"]
[SourceVersionDate "2010.11.25"]
[SourceQuality "1"]

1. e4 Nf6 2. e5 Nd5 3. d4 d6 4. c4 Nb6 5. Nf3 Bg4 6. Be2 e6 7. h3 Bh5 8. Bf4 Be7 9. 0-0 0-0 10. Nc3 N8d7 11. exd6 cxd6 12. b3 Nf6 13. Qd2 d5 14. c5 Bxf3 15. Bxf3 Nc8 16. b4 b6 17. Rfe1 bxc5 18. bxc5 Qa5 19. Nxd5 Qxd2 20. Nxe7+ Nxe7 21. Bxd2 Rad8 22. Be3 Nf5 23. Red1 Nd5 24. Bxd5 Rxd5 25. Rab1 Rfd8 26. g4 Ne7 27. Rb7 R5d7 28. Rdb1 Nc6 29. Rxd7 Rxd7 30. Rd1 Kf8 31. Kg2 Ke8 32. Kf3 g6 33. g5 f5 34. gxf6 Kf7 35. Ke4 Kxf6 36. d5 exd5+ 37. Rxd5 Re7+ 38. Kf3 Ne5+ 39. Kg3 Nf7 40. c6 Rc7 41. Rc5 Ke6 42. Bf4 Rc8 43. c7 g5 44. Bxg5 Nxg5 45. Rxg5 Rxc7 46. Ra5 Kd6 47. f4 Kc6 48. f5 Kb6 49. Ra3 Rf7 50. Kf4 Kc5 51. Ke5 Kb4 52. Rf3 Re7+ 53. Kd6 Re2 54. f6 Rd2+ 55. Kc7 Rc2+ 56. Kb7 Rd2 57. f7 Rd7+ 58. Kc6 1-0

[Event "Zhukovsky Rating-A 08"]
[Site "Zhukovsky"]
[Date "2009.08.14"]
[Round "3"]
[White "Lunin, Mikhail"]
[Black "Zhukovsky, Viacheslav"]
[Result "0-1"]
[WhiteElo "2231"]
[BlackElo "2151"]
[PlyCount "126"]
[EventDate "2009.08.14"]
[EventType "swiss"]
[EventRounds "7"]
[EventCountry "RUS"]
[SourceTitle "EXT 2022"]
[Source "ChessBase"]
[SourceDate "2021.10.06"]
[SourceVersion "1"]
[SourceVersionDate "2021.10.06"]
[SourceQuality "1"]

1. b4 a5 2. b5 e5 3. Bb2 d6 4. e3 Nf6 5. Nf3 Be7 6. c4 0-0 7. d4 exd4 8. Nxd4 Nbd7 9. Nf5 Nc5 10. Nxe7+ Qxe7 11. Be2 Be6 12. 0-0 Nfd7 13. Nc3 Nb6 14. Nd5 Bxd5 15. cxd5 Qe4 16. Bf3 Qc4 17. Qd4 Qxd4 18. Bxd4 Nbd7 19. Rac1 f5 20. g4 f4 21. Kg2 b6 22. Rc4 fxe3 23. fxe3 Rae8 24. Rcc1 Ne5 25. Be2 g5 26. Rf5 Rxf5 27. gxf5 Kg7 28. h4 g4 29. Bxg4 Kf6 30. Bh3 Rg8+ 31. Kh2 Rg7 32. Rg1 Rxg1 33. Kxg1 Ncd3 34. e4 Ke7 35. Be3 Nb4 36. a4 Nbd3 37. Bg5+ Ke8 38. f6 Nc5 39. Bf5 Nxa4 40. Bxh7 Nc5 41. Bc1 Kf7 42. Kf1 Ncd7 43. Ke2 Nxf6 44. Bf5 a4 45. Kd1 Nf3 46. h5 Nd4 47. Bg6+ Kg7 48. Bb2 Nf3 49. Kc2 Ne5 50. Bxe5 dxe5 51. Kc3 Kh6 52. Kb4 Nxh5 53. Bf5 Kg5 54. Kxa4 Nf6 55. Kb4 Kf4 56. Kc4 Nxe4 57. Bd7 Nd6+ 58. Kd3 e4+ 59. Kd4 Nf5+ 60. Kc3 Ke5 61. Be6 Nd6 62. Kb4 Kd4 63. Bg8 e3 0-1

[Event "Zhukovsky Elo-A"]
[Site "Zhukovsky"]
[Date "2008.01.20"]
[Round "9"]
[White "Lunin, Mikhail"]
[Black "Brekhov, Nikolay"]
[Result "1-0"]
[WhiteElo "2231"]
[BlackElo "2224"]
[PlyCount "67"]
[EventDate "2008.01.02"]
[EventType "tourn"]
[EventRounds "9"]
[EventCountry "RUS"]
[SourceTitle "EXT 2010"]
[Source "ChessBase"]
[SourceDate "2010.11.25"]
[SourceVersion "1"]
[SourceVersionDate "2010.11.25"]
[SourceQuality "1"]

1. b4 f5 2. Bb2 Nf6 3. e3 e6 4. b5 Be7 5. c4 0-0 6. Nf3 d5 7. Qb3 c6 8. a4 Nbd7 9. d4 Ne4 10. a5 a6 11. b6 h6 12. Nc3 Kh7 13. Bd3 g6 14. h4 Ndf6 15. Ne5 Bd7 16. g4 Nxc3 17. Bxc3 Bd6 18. h5 g5 19. gxf5 exf5 20. f3 Be6 21. Qc2 Qc8 22. cxd5 cxd5 23. Rc1 Kg7 24. e4 fxe4 25. fxe4 Ng4 26. Nxg4 Bxg4 27. e5 Ba3 28. Ra1 Be7 29. Bxa6 Bxh5 30. Bxb7 Qxb7 31. Rxh5 Qa6 32. Qe2 Qc8 33. Bd2 Rf6 34. exf6+ 1-0